000 01096nam1a2200301 i 4500
001 RU\NLR\bibl\1297558
005 20240920003800.0
035 _a(NLR Aleph) 001283171
090 _a512047
_c512047
100 _a20081121g20089999u y0rusy50 ca
101 0 _arus
102 _aRU
105 _a||||z |||||
200 1 _a100 рассказов о стыковке и о других приключениях в космосе и на Земле
_fВ. С. Сыромятников
210 _aМосква
_cЛогос
_d2008
215 _d27
313 _aистория
463 0 _10011248592
606 1 _aКосмонавтика
_xИстория
_yСССР
_92093400
_3RU\NLR\auth\661266844
686 _aО6г(2)
700 1 _aСыромятников
_bС. С.
_f1933-2006
_gВладимир Сергеевич
_4070
801 0 _aRU
_bNLR
_c20081121
_gRCR
801 1 _aRU
_bNLR
_c20081121
830 _aавт. по кн.
852 _aNLR
_j2008-7/4129
942 _cBOOK